| 000 | 01218nam a2200313 a 4500 | ||
|---|---|---|---|
| 001 | 000023618 | ||
| 005 | 20250225115440.0 | ||
| 008 | 101215s1987 cu a r 000 0 spa d | ||
| 040 |
_aDO-SdBNP _bspa _cBNPHU |
||
| 041 | 1 | 7 |
_aspa _heng _2Código de idiomas MARC |
| 082 |
_a901.9 _bB517h |
||
| 100 | 1 |
_aBernal, John Desmond, _d1901-1971 _948665 |
|
| 240 | 1 | 0 |
_aScience in history. _lEspañol. |
| 245 | 1 | 0 |
_aHistoria social de la ciencia / _cJohn D. Bernal ; traducción de Juan Ramón Capella ; redacción y edición de Alicia Fernández Sánchez. |
| 260 |
_aLa Habana : _bCiencias Sociales, _c1987. |
||
| 300 |
_a2 v. : _bil. ; _c22 cm. |
||
| 490 | 1 | _aFilosofía | |
| 534 |
_pTítulo original en inglés: _tScience in history. _cLondon : C. A. Watts & Co., 1954 |
||
| 505 | 0 |
_gv. 1. _tLa ciencia en la historia -- _gv. 2. _tLa ciencia en nustro tiempo. |
|
| 650 | 4 |
_aCiencia y civilización _94893 |
|
| 650 | 4 |
_aCivilización-historia _948666 |
|
| 650 | 0 |
_aHistoria social _978961 |
|
| 650 | 0 |
_aCiencias sociales _91065 |
|
| 650 | 0 |
_aCIENCIA - _xHISTORIA _925748 |
|
| 700 | 1 |
_aCapella, Juan Ramón, _etr. _948668 |
|
| 700 | 1 |
_aFernández Sánchez, Alicia, _eed. _948669 |
|
| 830 | 0 |
_aFilosofía _92459 |
|
| 049 | _aBNGR | ||
| 999 |
_c23114 _d23114 |
||